Famous Scottish People by Picture - Statistics

General Stats
  • This quiz has been taken 334 times
  • The average score is 7 of 12
Answer Stats
Picture Answer % Correct
Gordon Ramsay
92%
Sean Connery
82%
Andy Murray
71%
Ewan McGregor
71%
Mary, Queen of Scots
71%
Susan Boyle
69%
Tony Blair
69%
Annie Lennox
56%
Billy Connolly
52%
Alexander Flemming
46%
Alexander Graham Bell
46%
Arthur Conan Doyle
18%
No matching quizzes found
Score Distribution
Percent of People with Each Score
Percentile by Number Answered
Your Score History
You have not taken this quiz